| 000 | 00358 a2200169 4500 | ||
|---|---|---|---|
| 001 | 191293 | ||
| 020 | _a85-329-0504-8 | ||
| 040 | _cMagnum | ||
| 100 | _aBrandao, Maria do Carmo | ||
| 240 | 1 | 0 |
_aVolto na primavera _lpor |
| 245 | 1 | 0 | _aVolto na primavera |
| 300 | _a48 | ||
| 362 | 0 | _a1997 | |
| 440 | 1 | _aLĂȘ | |
| 697 | _aLITERATURA JUVENIL | ||
| 942 | _cBK | ||
| 999 |
_c191293 _d191293 |
||